| 000 | 00552nam a2200181 a 4500 | ||
|---|---|---|---|
| 005 | 20140412111307.0 | ||
| 008 | 010426s19uu xx 00 eng d | ||
| 020 | _a0-689-71137-9 | ||
| 050 |
_aTR(PS E _bCh36 1987 |
||
| 100 | _aHutchins, Pat | ||
| 245 |
_aChanges, changes / _cby Pat Hutchins. |
||
| 260 |
_aNew York : _bAladdin Books, _c1987. |
||
| 300 | _a1v. (unp.) ; ill. | ||
| 520 | _aTwo wooden dolls rearrange wooden building blocks to from various objects. | ||
| 650 | _aToys--Fiction | ||
| 650 | _aStories wihtout words | ||
| 999 |
_c103770 _d103770 |
||